Statistics for 长沙轨道交通车站,但是写出其中一个字就算对Changsha RT Stations, but Type-In 1 Chara is OK

Click here to take the quiz!

General Stats

  • This quiz has been taken 23 times
  • The average score is 109 of 138

Answers on the Map

Answers color-coded by a green-red scale on the quiz's map according to % correct below.
 

Answer Stats

Answer% Correct
福元大桥西站
100%
星沙文体中心站
100%
湖南大学站
100%
梅溪湖东站
100%
望城坡(汽车西站)站
100%
湖南师大站
100%
西湖公园站
100%
月亮岛西站
100%
湘江中路站
100%
松雅湖(南)站
100%
山塘站
100%
月湖公园北站
100%
长沙火车站
100%
长沙大学站
100%
烈士公园东站
100%
人民东路站
100%
东塘站
100%
中南大学站
100%
高桥北站
100%
梅溪湖西站
100%
高桥南站
100%
东湖站
100%
北辰三角洲站
100%
湘潭北站
100%
南门口站
100%
大路村站
100%
大塘站
100%
南湖路站
100%
烈士公园南站
100%
湖南工商大学站
100%
一师范西校区站
100%
中塘站
100%
长沙火车南站
100%
黄花机场T1T2站
100%
农科院农大站
94%
茶子山站
94%
窑岭湘雅二医院站
94%
大王山站
94%
磁浮高铁站
94%
磁浮㮾梨站
94%
洋湖新城站
94%
磁浮机场站
94%
文化艺术中心站
94%
金星路站
94%
杜花路站
94%
迎宾路口站
94%
麓云路站
94%
长沙大道站
94%
友谊路站
94%
五一广场站
89%
大托站
89%
黄兴广场站
89%
麓谷体育公园站
89%
汉王陵公园站
89%
沙湾公园站
89%
马栏山站
89%
湘江新城站
83%
碧沙湖站
83%
望月湖站
83%
砂子塘站
83%
尚双塘站
83%
洋湖湿地站
83%
观沙岭站
83%
雨花区政府站
83%
双湖站
83%
船形山站
83%
谢家桥站
83%
橘子洲站
83%
毛竹塘站
83%
雅雀湖站
83%
麓谷公园站
83%
湘雅三医院站
83%
桂花公园站
83%
花桥站
83%
中信广场站
78%
板塘冲站
78%
土桥站
78%
木桥站
78%
涧塘站
78%
湘雅医院站
78%
侯家塘站
78%
黄土岭站
78%
开福区政府站
78%
粟塘站
78%
芙蓉广场站
78%
培元桥站
78%
檀木桥站
78%
红桥站
78%
圭塘站
78%
万家丽广场站
78%
坪塘站
78%
锦泰广场站
78%
罐子岭站
78%
螺丝塘站
78%
水渡河站
72%
阜埠河站
72%
铁道学院站
72%
阿弥岭站
72%
和馨园站
72%
袁家岭站
72%
广生站
72%
赤岗岭站
72%
芙蓉区政府站
72%
曹家坪站
67%
树木岭站
67%
杜家坪站
67%
长庆站
67%
鸭子铺站
67%
隆平水稻博物馆站
67%
黄家湾站
67%
省政府站
67%
火炬村站
67%
平阳站
61%
星沙站
61%
朝阳村站
61%
湘龙站
61%
四方坪站
61%
溁湾镇站
61%
长丰站
61%
木马塅站
56%
马王堆站
56%
六沟垅站
56%
涂家冲站
56%
阳光站
56%
桂花坪站
50%
韶光站
44%
文昌阁站
44%
光达站
44%
白茅铺站
39%
马厂站
39%
丝茅冲站
39%
开福寺站
39%
白鸽咀站
33%
桐溪站
22%
龙华站
17%
灵官渡站
11%
龙峰站
11%
象鼻窝站
6%

Score Distribution

Percentile by Number Answered

Percent of People with Each Score

Your Score History

You have not taken this quiz